00905nam a2200241Ia 4500003000400000005001700004008004100021020001800062040001800080041000800098082002400106100004000130245012700170250001200297260004400309300002700353650004800380650003700428650002200465942002600487999001900513952013100532OSt20251230141752.0210716s2018 xx 000 0 und d a9781788475761 cAIMIT LIBRARY aeng a005.764 21stbCHIS aChitalkar, Santosh Tukaram.9249761 aLearning Einstein analytics: bUnlock critical insights with salesforce einstein analytics /cBy Santosh Tukram chitalkar. a1st ed. aMumbai :bPackt Publishing Ltd ,c2018. av,228p.;bPBc24.5 cm. aDiving deep into Einstein analytics9249762 aEinstein at your service9249763 2Recipe in Enstein 2ddccBKk005.764 CHIS c196616d196616 001040708MCAaAIMITbAIMITeKnowledge Worldg899.00l0o005.764 CHISpMCA16131r2025-07-21 00:00:00v674.25w2021-07-16yBK